Normal view
MARC view
Entry Personal Name
001 - CONTROL NUMBER
- control field: 69756
003 - CONTROL NUMBER IDENTIFIER
- control field: dpl
005 - DATE AND TIME OF LATEST TRANSACTION
- control field: 20240808150243.0
008 - FIXED-LENGTH DATA ELEMENTS
- fixed length control field: 240808|| aca||aabn | a|a d
040 ## - CATALOGING SOURCE
- Original cataloging agency: dpl
- Transcribing agency: dpl
100 ## - HEADING--PERSONAL NAME
- Personal name: Kannammal, A
670 ## - SOURCE DATA FOUND
- Source citation: Work cat.: (dpl)145371: Kannammal, A. , Fundamentals of cloud computing /, 2015
